| 000 | 00895nam a2200277 i 4500 | ||
|---|---|---|---|
| 001 | 13646 | ||
| 003 | ES-MaACL | ||
| 005 | 20230906150630.0 | ||
| 007 | t| | ||
| 008 | 971113s1997 sp ||||0| spa j | ||
| 020 | _a84-309-3014-0 | ||
| 040 |
_aM-BN _bspa _cM-BN |
||
| 080 | _a355:061.1(100) | ||
| 080 | _a32"1985/95" | ||
| 100 | 1 |
_aCaracuel Raya, María Angustias. _934935 |
|
| 245 | 1 | 4 |
_aLos cambios de la OTAN tras el fin de la guerra fría / _cMaría Angustias Caracuel Raya. |
| 260 |
_aMadrid : _bTecnos, _c[1997] |
||
| 300 |
_a275 p. ; _c24 cm. |
||
| 490 | 1 | _aColección Estado y sociedad | |
| 504 | _aBibliografía: p. 254-275. | ||
| 610 | 2 | 7 |
_aOrganización del Tratado del Atlántico Norte. _96065 |
| 650 | 4 |
_aPolítica mundial- _y1985-1995. _916303 |
|
| 830 | 0 |
_aColección Estado y sociedad _9228443 |
|
| 852 |
_aES-MaACL _jL-21033 _bR.126272 |
||
| 999 |
_c13646 _d13646 |
||